Swedish army records, (Record no. 41289)
[ view plain ]
| 000 -LEADER | |
|---|---|
| fixed length control field | 01227cpcaa2200301 a 4500 |
| 001 - CONTROL NUMBER | |
| control field | mm 79003296 |
| 003 - CONTROL NUMBER IDENTIFIER | |
| control field | DLC |
| 005 - DATE AND TIME OF LATEST TRANSACTION | |
| control field | 20260227111643.0 |
| 008 - FIXED-LENGTH DATA ELEMENTS--GENERAL INFORMATION | |
| fixed length control field | 791217|||||||||||| swe |
| 010 ## - LIBRARY OF CONGRESS CONTROL NUMBER | |
| LC control number | mm 79003296 |
| 040 ## - CATALOGING SOURCE | |
| Original cataloging agency | DLC |
| Transcribing agency | DLC |
| Description conventions | dacs |
| Modifying agency | DLC |
| 041 ## - LANGUAGE CODE | |
| Language code of text/sound track or separate title | swe |
| -- | eng |
| 072 #7 - SUBJECT CATEGORY CODE | |
| Subject category code | C |
| Source | lcmd |
| 110 1# - MAIN ENTRY--CORPORATE NAME | |
| Corporate name or jurisdiction name as entry element | Sweden. |
| Subordinate unit | Armén. |
| 245 00 - TITLE STATEMENT | |
| Title | Swedish army records, |
| Inclusive dates | 1637-1902. |
| 300 ## - PHYSICAL DESCRIPTION | |
| Extent | 8 |
| Type of unit | items. |
| 506 0# - RESTRICTIONS ON ACCESS NOTE | |
| Terms governing access | Open to research. |
| 520 8# - SUMMARY, ETC. | |
| Summary, etc. | Photocopies of pages from registers of Swedish troops stationed along the Delaware River, particularly in New Jersey, from 1637 to 1655; together with U.S. State Dept. Correspondence (1903) in English concerning the records. |
| 533 ## - REPRODUCTION NOTE | |
| Type of reproduction | Positive photocopies. |
| Place of reproduction | [S.l.]. |
| 546 ## - LANGUAGE NOTE | |
| Language note | Collection material in Swedish, with English. |
| 580 ## - LINKING ENTRY COMPLEXITY NOTE | |
| Linking entry complexity note | Forms part of: Miscellaneous Manuscripts collection. |
| 651 #0 - SUBJECT ADDED ENTRY--GEOGRAPHIC NAME | |
| Geographic name | Delaware River Valley (N.Y.-Del. and N.J.) |
| General subdivision | History. |
| 651 #0 - SUBJECT ADDED ENTRY--GEOGRAPHIC NAME | |
| Geographic name | New Jersey |
| General subdivision | History |
| Chronological subdivision | Colonial period, ca. 1600-1775. |
| 651 #0 - SUBJECT ADDED ENTRY--GEOGRAPHIC NAME | |
| Geographic name | New Sweden. |
| 651 #0 - SUBJECT ADDED ENTRY--GEOGRAPHIC NAME | |
| Geographic name | Sweden |
| General subdivision | Colonies. |
No items available.